000 01001nam a2200277Ia 4500
003 OSt
005 20221005110358.0
006 a|||||r|||| 00| 0
007 ta
008 221004b |||||||| |||| 00| 0 hin d
020 _a9789382114468 (hbk)
_cINR 230.00
024 _a41702
037 _bIN-2304, 14/03/2019, Kitab Ghar Prakashan
_cTextual
040 _aCRL
_cCRL
_bhin
041 _2hin
_ahin
082 _aO152,3N512x, Q3
100 _aबलराम, ले.
245 0 _aदस प्रतिनिधि कहानियां
246 _aDas pratinidhi kahāniyāan
260 _aनई दिल्ली
_bकिताबघर प्रकाशन भारत
_c2013
300 _a127पृ0
_ccm.
650 _a हिन्दी साहित्य
650 _aहिन्दी कहानी
942 _hO152,3N512x, Q3
_cTEXL
_2cc
999 _c1018651
_d1018651